|
|
|
|
| LEADER |
00000nam0a2200000 4500 |
| 001 |
324956 |
| 005 |
20231101023531.0 |
| 035 |
|
|
|a (RuTPU)RU\TPU\book\350567
|
| 090 |
|
|
|a 324956
|
| 100 |
|
|
|a 20161125d1974 k y0rusy50 ca
|
| 101 |
0 |
|
|a rus
|
| 102 |
|
|
|a RU
|
| 105 |
|
|
|a y z 001zy
|
| 200 |
1 |
|
|a Информация и исследователь
|f Э. А. Новиков, В. С. Егоров
|g Академия наук СССР (АН СССР)
|
| 210 |
|
|
|a Ленинград
|c Наука
|d 1974
|
| 215 |
|
|
|a 189 с.
|
| 225 |
1 |
|
|a Проблемы современной науки и технического прогресса
|
| 320 |
|
|
|a Библиогр.: с. 184-186
|
| 606 |
1 |
|
|a Информатика
|2 stltpush
|3 (RuTPU)RU\TPU\subj\12879
|
| 610 |
1 |
|
|a информация
|
| 610 |
1 |
|
|a наука
|
| 610 |
1 |
|
|a документация
|
| 610 |
1 |
|
|a научно-техническая информация
|
| 610 |
1 |
|
|a типология
|
| 610 |
1 |
|
|a первичная информация
|
| 610 |
1 |
|
|a вторичная информация
|
| 610 |
1 |
|
|a поиск
|
| 610 |
1 |
|
|a распространение
|
| 610 |
1 |
|
|a использование
|
| 610 |
1 |
|
|a централизация
|
| 610 |
1 |
|
|a центры
|
| 610 |
1 |
|
|a ВИНИТИ
|
| 610 |
1 |
|
|a ГОСНТИ
|
| 610 |
1 |
|
|a библиотеки
|
| 686 |
|
|
|a Ч23
|v LBC/SL-A
|2 rubbk
|
| 700 |
|
1 |
|a Новиков
|b Э. А.
|g Энергий Алексеевич
|
| 701 |
|
1 |
|a Егоров
|b В. С.
|g Владимир Сергеевич
|
| 712 |
0 |
2 |
|a Академия наук СССР (АН СССР)
|c (1925-1991)
|2 stltpush
|3 (RuTPU)RU\TPU\col\722
|
| 801 |
|
1 |
|a RU
|b 63413507
|c 20161125
|
| 801 |
|
2 |
|a RU
|b 63413507
|c 20190905
|g RCR
|
| 942 |
|
|
|c BK
|